LEADER 01757nam a2200397 a 4500 001 000000136600 003 CaOOAMICUS 005 20131203092859.0 008 131202m20139999it u000 u ita r 020 $a978-88-04-62712-8 (v. 1) 040 $aPUL$bita 041 1 $aita$agrc$hgrc 100 0 $aPindarus,$d518-438 a.C.$0(OLS)http://pul/name/14427 245 13$aLe Odi /$cPindaro. 260 $aRoma :$bFondazione Lorenzo Valla ;$aMilano :$bMondadori,$c2013- 300 $av. ;$c22 cm. 490 1 $aScrittori greci e latini 505 1 $aV. 1. Le Olimpiche / introduzione, testo critico e traduzione di Bruno Gentili ; commento a cura di Carmine Catenacci, Pietro Giannini e Liana Lomiento. 546 $aTesto a fronte in greco. 700 1 $aGiannini, Pietro.$0(OLS)http://pul/name/88025 700 1 $aLomiento, Liana.$0(OLS)http://pul/name/88026 700 1 $aCatenacci, Carmine.$0(OLS)http://pul/name/88027 700 1 $aGentili, Bruno,$d1915-$0(OLS)http://pul/name/11530 740 32$aLe Olimpiche. 830 0$aScrittori greci e latini.$0(OLS)http://pul/title/10625 850 $aPUL 852 $aPUL$W1$xDP1 Cons. Gen., Altre Classi 1$y22$m705 M 48.2$j157334$qStampati$B156812$CPULBib$Z2$F156812 $H123291 $82 900 $aPindaro,$d518-438 a.C.$914427 900 $aPindarus Thebanus Lyricus,$d518-438 a.C.$914427 941 1 $a8 996 $6020$a978-88-04-62712-8 (v. 1)$9(OLS)http://pul/number/154103 996 $6245$aLe Odi$9(OLS)http://pul/title/70620 996 $6740$aLe Olimpiche$9(OLS)http://pul/title/172900 996 $6260$aRoma :$bFondazione Lorenzo Valla$9(OLS)http://pul/publisher/51617 996 $6260$aMilano :$bMondadori$9(OLS)http://pul/publisher/50297 LEADER 01528nam a2200277 a 4500 001 000000142522 003 CaOOAMICUS 005 20150330123110.0 008 150330s1994 it a u000 u ita r 040 $aPUL$bita 082 04$a259 110 2 $aConferenza episcopale siciliana.$bConvegno delle Chiese di Sicilia$n(3 :$d1993 :$cAcireale).$0(OLS)http://pul/name/91652 245 10$aNuova evangelizzazione e pastorale :$batti del 3. convegno delle Chiese di Sicilia promosso dalla Conferenza Episcopale Siciliana, Acireale, 15/19 novembre 1993 /$ca cura della Segreteria Pastorale C.E.Si. 260 $a[S.l. :$bs.n.]$ePalermo :$fArti Grafiche Flaccomio,$g1994 300 $a2 v. :$bill. ;$c24 cm 504 $aBibliografia in nota. 650 4$aEvangelizzazione$xCongressi.$0(OLS)http://pul/subject/8139 710 2 $aConferenza episcopale siciliana.$bSegreteria pastorale.$0(OLS)http://pul/name/91653 850 $aPUL 852 $aPUL$W1$xDP2 Religione 3$y114$m259 C.E.S. 1.1$j164402$av. 1$qDDC 21$B164623$CPULBib$Z2$F164623 $82 852 $aPUL$W1$xDP2 Religione 3$y114$m259 C.E.S. 1.2$j164403$av. 2$qDDC 21$B164624$CPULBib$Z2$F164624 $82 941 1 $a9 996 $6082$a259$9(OLS)http://pul/classification/1775 996 $6245$aNuova evangelizzazione e pastorale :$batti del 3. convegno delle Chiese di Sicilia promosso dalla Conferenza Episcopale Siciliana, Acireale, 15/19 novembre 1993$9(OLS)http://pul/title/180419 996 $6260$a[S.l. :$bs.n.]$9(OLS)http://pul/publisher/81594